000 00368nam a22001577a 4500
003 OSt
008 240507b |||||||| |||| 00| 0 eng d
020 _a9789354495021
082 _a338.9 FEB
100 _aFERNANDEZ, Agna
245 _aFernado.s Business Envirment
250 _a2nd
260 _aNoida
_bPearson
_c2022
300 _axxx,26.12,1.6
942 _2ddc
_cBK
999 _c12640
_d12640